MARC

LEADER 00000nam a2200000Ia 4500
001 15371
008 160829s2003 xx 000 0 cat d
080 |a S-1-188 
100 |a Rubiol, Glòria  |9 1340 
245 |a Marc històric dels serveis socials locals de Catalunya / Glòria Rubiol, Antoni Vilà 
260 |a [Barcelona] :  |b Diputació de Barcelona, Xarxa de Municipis, Àrea de Benestar Social,  |c 2003 
300 |a 461 p. ;  |c 24 cm 
490 |a Serveis socials ; 17 
590 |a Notes, referències bibliogràfiques, bibliografia.  
590 |a Taules cronològiques.  
590 |a Índexs 
650 |a Serveis socials  |x Catalunya  |x Història  |9 32502 
700 |a Vilà, Antoni   |9 32503 
710 1 |a Barcelona (Catalunya : Província).   |b Àrea de Benestar Social  |9 52988 
901 |a Arxiu 
942 |n 1 
952 |0 0  |1 0  |4 0  |6 S1188  |7 1  |9 46008  |a Arxiu  |b Arxiu  |d 2016-12-01  |l 0  |o S-1-188  |p 15371  |r 2016-12-01 00:00:00  |w 2016-12-01  |y ARXIU 
999 |c 49509  |d 49509